00489cam a2200157ua 45000010005000000080039000050400009000440820011000531000029000642450089000932500009001822600038001913000017002296530014002466530071002601875110811n ii |||gr||||Z||||||asm cMAIN a370.54 aGoswami, A. C.,eAuthor.1 aPhilosophcal and sociological bases of education in emerging indiacby A. C. Goswami a2nd. aGuahati:bJyoti prakashan,c2001. a319p:c23cm. aEducation aPhilosophcal and sociological bases of education in emerging india